000
00266nam a22001217a 4500
008
180115b xxu||||| |||| 00| 0 eng d
041
_a
eng
080
_a
541
100
_a
12
101
_a
KIM
245
_a
Basic Liquid Chromatography
_c
Hadden, N
942
_2
udc
_c
BK
999
_c
40259
_d
40259